000 01184nam a2200301 i 4500
001 15739
003 DO-SdUEMH
005 20260127165026.0
007 ta
008 211105s2011||||dr |||gr|||| 0|| | spa d
040 _aDO-SdUEMH
_bspa
_erda
041 _aspa
082 1 4 _aRD 342.0878 I342
_mRD
_bR173
084 _b11-00137
100 1 _aRamírez, Ana
_eautr
110 _aCLADEM
245 0 _aImpacto socio-jurídico de la nueva Constitución en los Derechos de las Mujeres en República Dominicana:
_banálisis de algunas de las implicaciones socio-jurídicas de la nueva constitución en la vida de las mujeres /
_cAna Ramírez
260 _c2011
264 1 _aSanto Domingo, República Dominicana :
_c©2011
300 _a90 páginas :
_c21 cm.
336 _2rdacontent
_atexto
_btxt
337 _2rdamedia
_asin mediación
_bn
338 _2rdacarrier
_avolumen
_bnc
504 _aContiene Información Bibliográfica a Final de la Obra.
505 2 _a¿Una Constitución del Siglo XXI? -- Artículo 39: El Equilibrio en la Participación Política -- Artículo 55-11: El Trabajo del Hogar -- Artículo 37: El Derecho a la Vida.
942 _2ddc
_cBK
_n0
999 _c15739
_d15739